101 quick & easy woodworking projects

Bibliographic Details
Main Author: Self, Charles
Format: Book
Published: New York : Sterling Publishing , 1992
Subjects:

MARC

LEADER 00000cam a2200000 7i4500
001 0000001444
002 000001588
005 20000330.0
020 |a 0806982985 
090 0 0 |a 684.08   |b SEL 
100 1 |a Self, Charles 
245 1 0 |a 101 quick & easy woodworking projects   |c Charles R. Self 
260 |a New York :   |b Sterling Publishing ,   |c 1992 
300 |a 160p. ;   |c 25cm. 
650 0 0 |a Woodwork 
999 |a 033013   |b BUKU   |c PINJAMAN   |e PERPUSTAKAAN KOMUNITI PETALING JAYA 
999 |a 033014   |b BUKU   |c PINJAMAN   |e PERPUSTAKAAN KOMUNITI PETALING JAYA